Türk Devletleri Teşkilatı Ülkeleri - Statistics

General Stats
  • This quiz has been taken 53 times
  • The average score is 6 of 7
Answers on the Map
Answers color-coded by a green-red scale on the quiz's map according to % correct below.
 
Answer Stats
Answer % Correct
Türkiye
100%
Azerbaycan
98%
Kazakistan
98%
Türkmenistan
93%
Özbekistan
91%
Kırgızistan
89%
Macaristan
69%
No matching quizzes found
Score Distribution
Percent of People with Each Score
Percentile by Number Answered
Your Score History
You have not taken this quiz